000 00641 a2200205 4500
005 20250923090747.0
020 _a0908312644
050 0 0 _aKTZ 71.3
_bMHI 2004
100 1 _aMhishi, M. L.
245 1 2 _aA guide to the law and practice of conveyancing in Zimbabwe /
_cby M.L. Mhishi.
264 _aHarare :
_bLegal Resource Foundation,
_c2004
300 _a167 pages
336 _2rdacontent
_atext
_btxt
337 _2rdamedia
_aunmediated
_bn
338 _2rdacarrier
_avolume
_bnc
504 _aIncludes bibliographical references (p. 167).
650 0 _aConveyancing
650 0 _aVendors and purchasers
942 _2lcc
_cBK
_h71.3
_iMHI
_kKTZ
999 _c2511
_d2511